000 00459nam a2200169 i 4500
001 bg
100 1 _aDąbrowski, Mirosław
_d(1926- ).
245 0 _aAnaliza obwodów magnetycznych :
_bstraty mocy w obwodach /
_cMirosław Dąbrowski.
260 _aWarszawa,
_c1981.
490 1 _aElektrotechnika ;
_vt.3
830 _aElektrotechnika ;
040 _cBPK
041 _apol
080 _a621.318
942 _cKS
008 s pl f |000 0 pol
999 _c20611
_d20611
856 _uhttp://koha.tu.koszalin.pl/cgi-bin/koha/opac-detail.pl?biblionumber=20611
_yKatalog online BPK